000 00601nam a2200217 i 4500
001 C2-0148101
003 PPAK
005 20180727131350.0
008 980317s1982 nyua|||| ||||| | eng d
020 _a089577044X
040 _aPPAK
_beng
_cPPAK
_erda
082 0 4 _a398.13
_223
090 0 0 _a398.13
_bWOR
_dR
245 0 4 _aThe world's last mysteries
264 1 _aNew York :
_bThe Reader's Digest Associations ,
_c1982
300 _a319 pages :
_bcolour illustrations ;
_c28 cm
336 _2rdacontent
_atext
337 _2rdamedia
_aunmediated
338 _2rdacarrier
_avolume
942 _ddc
_cB
999 _c46745
_d46745